Представление документа в формате RUSMARC

ПолеНазваниеЗначение
  Тип записи a
  Библиографический уровень m
001 Контрольный номер RU\bookru\bibl\920527
003 Постоянный идентификатор записи http://www.book.ru/book/920527
005 Дата корректировки 20161026112537.8
010 Индекс ISBN __
a ISBN 978-5-406-01065-5
100 Данные общей обработки 0_
a Данные общей обработки 20160901d2016 mk y0rusy50 ca
101 Язык документа 0_
a Язык текста Русский
102 Страна публикации __
a Страна публикации RU
105 Кодированные данные (монография) __
a Кодированные данные (монография) y ||||000yy
200 Заглавие и сведения об ответственности 1_
a Заглавие Внешнеэкономическая деятельность (для СПО)
210 Выходные данные __
a Место издания Москва
c Издательство КноРус
d Дата издания 2016
215 Физическое описание __
a Объем 165
330 Аннотация __
a Аннотация Рассматриваются сущность и формы внешнеэкономической деятельности, регламентирующая ее правовая база, приводятся основные понятия и их толкование, объясняются особенности валютного, таможенного регулирования в Российской Федерации. Отражены и раскрыты все дидактические единицы, содержащиеся в образовательных стандартах по специальностям среднего профессионального образования, в которых имеются дисциплины по внешнеэкономической деятельности. Для студентов среднего профессионального образования, обучающихся по специальностям: маркетинг (по отраслям), менеджмент, коммерция, экономика и бухгалтерский учет, для широкого круга специалистов, а также предпринимателей, планирующих выйти на мировой рынок.
606 Тематические рубрики __
a Основная рубрика Внешнеэкономическая деятельность
2 Код системы local
608 Указатель предметных рубрик __
a Жанр/форма Учебник
2 Код системы local
675 Индекс УДК __
a Индекс УДК 339.9
z Язык издания rus
686 Индексы других классификаций __
a Классификационный индекс 65.5
2 Код системы rubbk
700 Автор _1
a Фамилия Арустамов Э.А., Андреева Р.С.
801 Источник записи _1
a Страна RU
b Организация book_ru
c Дата составления 20160901
g Правила каталогизации RCR
856 Электронный адрес документа 4_
u Универсальный указатель ресурса (URL) http://www.book.ru/book/920527
951 __
a http://www.book.ru/book/920527